Thoughts are free (Record no. 81314)

MARC details
000 -LEADER
fixed length control field 00742nam a2200169 a 4500
008 - FIXED-LENGTH DATA ELEMENTS--GENERAL INFORMATION
fixed length control field 120416s1991 ||||||||||||||||| || u
020 ## - INTERNATIONAL STANDARD BOOK NUMBER
International Standard Book Number 0969530706
050 ## - LIBRARY OF CONGRESS CALL NUMBER
Classification number DT 8753.H3 Ham
100 ## - MAIN ENTRY--PERSONAL NAME
Personal name Hamalengwa, Munyonzwe
245 10 - TITLE STATEMENT
Title Thoughts are free
246 ## -
-- prison experience and reflections on law and politics in general
260 ## - PUBLICATION, DISTRIBUTION, ETC.
Place of publication, distribution, etc. Toronto
Name of publisher, distributor, etc. Africa in Canada Press
Date of publication, distribution, etc. 1991
300 ## - PHYSICAL DESCRIPTION
Extent ix, 390p. : ill.
350 ## -
-- 0.00
995 ## -
-- MAIN LIBRARY OPEN ACCESS
-- 0.00
-- 723140
-- CBU-MAIN LIBRARY (Kitwe)
-- 1
-- 18.50
-- DT 8753.H3 Ham
-- 1
-- AVAILABLE
-- 001673
-- Main Library Open Access Collection
995 ## -
-- SPECIAL COLLECTIONS
-- 0.00
-- 723023
-- CBU-MAIN LIBRARY (Kitwe)
-- 2
-- 18.50
-- ZAM DT 8753.H3 Ham
-- 2
-- AVAILABLE
-- 018616
-- Zambiana Collection
999 ## -
-- 81314
-- 81314
Holdings
Withdrawn status Lost status Source of classification or shelving scheme Damaged status Not for loan Permanent Location Current Location Shelving location Date acquired Total Checkouts Full call number Barcode Date last seen Copy number Price effective from Koha item type
          CBU-MAIN LIBRARY, KITWE. CBU-MAIN LIBRARY, KITWE.   08/18/2023   DT 8753.H3 Ham 001673 08/18/2023 1 08/18/2023 MONOGRAPH
          CBU-MAIN LIBRARY, KITWE. CBU-MAIN LIBRARY, KITWE.   08/18/2023   DT 8753.H3 Ham 018616 08/18/2023 2 08/18/2023 SPECIAL COLLECTION